[Event "20th ch-MKD Open"]
[Site "Struga MKD"]
[Date "2011.07.16"]
[Round "1"]
[White "Zhezhov,E"]
[Black "Skrceski,G"]
[Result "0-1"]
[WhiteElo "1793"]
[BlackElo "2267"]

1.Nf3 Nf6 2.c4 g6 3.g3 Bg7 4.Bg2 O-O 5.O-O d6 6.Nc3 c6 7.Rb1 e5 8.d3 Re8
9.b4 d5 10.cxd5 cxd5 11.e4 d4 12.Ne2 b5 13.Kh1 Bb7 14.Qb3 Nc6 15.Ng5 Re7
16.f4 h6 17.Nh3 Ng4 18.Rf3 Kh7 19.Nhg1 Qb6 20.a3 Rd8 21.Bd2 Bc8 22.Re1 Be6
23.Qb1 f5 24.h3 fxe4 25.dxe4 Nf6 26.Nc1 Bc4 27.Nd3 exf4 28.e5 Bxd3 29.Rxd3 Nxe5
30.gxf4 Nxd3 31.Rxe7 Nf2+ 32.Kh2 Qd6 33.Qe1 Nd3 34.Qe6 Qxe6 35.Rxe6 Nb2 36.Ra6 Nc4
37.Bc1 d3 38.Nf3 Ne4 39.Rxa7 d2 40.Nxd2 Nexd2 41.Rb7 Nb3 42.Rxb5 Rd1 43.Rb8 Nxc1
44.a4 Rd2 45.Kh1 Ne3 46.Be4 Nf1 47.Bb1 Ng3+ 48.Kg1 Bd4+  0-1

[Event "Open ch-SVK A"]
[Site "Banska Stiavnica SVK"]
[Date "2011.07.17"]
[Round "9"]
[White "Toth,Sar"]
[Black "Zsinka,L"]
[Result "1/2-1/2"]
[WhiteElo "2176"]
[BlackElo "2298"]

1.g3 g6 2.Bg2 Bg7 3.Nf3 Nf6 4.c4 O-O 5.Nc3 d6 6.O-O Nc6 7.d3 e5 8.Rb1 h6
9.b4 Be6 10.b5 Ne7 11.a4 Qc8 12.Re1 Bh3 13.Bh1 Nh5 14.a5 f5 15.Qb3 Kh7 16.Nd2 Rb8
17.Ba3 b6 18.axb6 axb6 19.Nd5 Qd7 20.Bb2 Nxd5 21.cxd5 Rf7 22.Qc4 f4 23.Ra1 Rbf8
24.Ne4 Nf6 25.Nxf6+ Bxf6 26.d4 Bg5 27.Bc1 fxg3 28.hxg3 Rxf2 29.Bxg5 hxg5
30.dxe5 Qf5 31.Qxc7+ Kh6 32.Qxb6 Qxe5 33.Qxf2 Rxf2 34.Kxf2 Qd4+ 35.e3 Qb2+
36.Kg1 Qxb5 37.Ra2  1/2-1/2

[Event "Oberwart Open"]
[Site "Oberwart AUT"]
[Date "2011.07.17"]
[Round "9"]
[White "Groh,J"]
[Black "Gams,Florian"]
[Result "1/2-1/2"]
[WhiteElo "2116"]
[BlackElo "2012"]

1.c4 Nf6 2.Nf3 g6 3.g3 Bg7 4.Bg2 O-O 5.O-O d6 6.d4 Nbd7 7.b3 c6 8.Nc3 Qc7
9.Bb2 e5 10.Rc1 exd4 11.Nxd4 Ne5 12.Nf3 Bf5 13.Nd4 Bd7 14.h3 Be6 15.f4 Ned7
16.Qd2 Nb6 17.Nxe6 fxe6 18.Rcd1 Rad8 19.Rf3 d5 20.Rd3 Rde8 21.c5 Nbd7 22.b4 e5  1/2-1/2

[Event "Najdorf Memorial"]
[Site "Warsaw POL"]
[Date "2011.07.17"]
[Round "4.45"]
[White "Grygierczyk,W"]
[Black "Zakoscielna,K"]
[Result "1/2-1/2"]
[WhiteElo "2040"]
[BlackElo "2135"]

1.Nf3 Nf6 2.c4 g6 3.g3 Bg7 4.Bg2 O-O 5.O-O d6 6.Nc3 e5 7.d3 Nc6 8.Rb1 h6
9.b4 Be6 10.b5 Ne7 11.a4 c6 12.bxc6 bxc6 13.Ba3 Qc7 14.Qc2 Rab8 15.Rxb8 Rxb8
16.Rb1 Nd7 17.Nd2 Nf5 18.e3 Bf8 19.Rxb8 Nxb8 20.Qb3 Ng7 21.d4 exd4 22.exd4 Nf5
23.d5 cxd5 24.Nxd5 Bxd5 25.Bxd5 Nc6 26.Bb2 Nfd4 27.Qd3 Nf5 28.Ne4 Bg7 29.Bxg7 Kxg7
30.Qc3+ Kg8 31.Nf6+ Kf8 32.Bxc6 Qxc6 33.Nd5 Ng7 34.Qe3 Nf5 35.Qc3 Ng7  1/2-1/2

[Event "Najdorf Memorial"]
[Site "Warsaw POL"]
[Date "2011.07.19"]
[Round "6.45"]
[White "Grygierczyk,W"]
[Black "Jarmula,P"]
[Result "1/2-1/2"]
[WhiteElo "2040"]
[BlackElo "2119"]

1.Nf3 g6 2.c4 Nf6 3.g3 Bg7 4.Bg2 O-O 5.O-O d6 6.Nc3 e5 7.d3 c6 8.Rb1 Ne8
9.d4 e4 10.Nxe4 Bf5 11.Nh4 Bd7 12.Nc3 Qb6 13.Nf3 Nf6 14.e4 Re8 15.Re1 Bg4
16.h3 Bxf3 17.Bxf3 Nbd7 18.Be3 Qb4 19.Qd3 c5 20.a3 Qb3 21.Bd1 Qb6 22.b4 cxd4
23.Bxd4 Ne5 24.Bxe5 dxe5 25.Ba4 Red8 26.Nd5 Qe6 27.Kg2 Rac8 28.Bb3 h5 29.h4 b6
30.Rbc1 Bh6 31.Rc3 Kh8 32.Re2 Nd7 33.Rec2 Nb8 34.c5 bxc5 35.Rxc5 Rxc5 36.Rxc5 Nc6
37.Qc3 Nd4 38.Ba2 g5 39.hxg5 Bxg5 40.Qd3 h4 41.Qd1 hxg3 42.Qh5+ Bh6 43.fxg3 Rg8
44.Rc7 Rg6 45.Nc3 Qd6 46.Rxf7 Nc2 47.Bd5 Ne3+ 48.Kh3 Ng4 49.Qf5 Bg7 50.Rd7 Qb6
51.Rd8+ Qxd8 52.Qxg6 Nh6 53.Nb5 Qd7+ 54.g4 Qxb5 55.g5 Qf1+ 56.Kg3 Qf4+ 57.Kg2 Qd2+
58.Kg3 Qe3+ 59.Kg2 Qe2+ 60.Kg3 Qe3+  1/2-1/2

[Event "XIII Gdansk Open"]
[Site "Gdansk POL"]
[Date "2011.07.20"]
[Round "5.10"]
[White "Plewa,P"]
[Black "Zielinski,S"]
[Result "1-0"]
[WhiteElo "1864"]
[BlackElo "2155"]

1.Nf3 Nf6 2.c4 g6 3.g3 Bg7 4.Bg2 O-O 5.O-O d6 6.d4 Nbd7 7.Nc3 c5 8.e3 a6
9.b3 Rb8 10.a4 b6 11.Bb2 e6 12.Qc2 Bb7 13.Rad1 Qc7 14.Ne1 Bxg2 15.Nxg2 cxd4
16.exd4 d5 17.Ne3 Rbc8 18.Qe2 Qb7 19.Qf3 Rfd8 20.Qg2 Nf8 21.f4 Qd7 22.Rfe1 Qd6
23.Qc2 N8d7 24.a5 b5 25.c5 Qc7 26.b4 Nb8 27.Ng2 Nc6 28.Qb3 Ng4 29.Ne2 h5
30.Nh4 Re8 31.Nf3 Kh7 32.Ng5+ Kg8 33.Nf3 Rcd8 34.Ne5 Kh7 35.Nxc6 Qxc6 36.Qf3 Nh6
37.Kf2 f6 38.Kg1 e5 39.dxe5 fxe5 40.Bxe5 Bxe5 41.fxe5 Rxe5 42.Nd4 Qe8 43.Rxe5 Qxe5
44.Nc6 Qc7 45.Nxd8 Qxd8 46.Qxd5 Qf6 47.Qd8  1-0

[Event "ch-SWE Master Elite"]
[Site "Vasteras SWE"]
[Date "2011.07.20"]
[Round "5"]
[White "Westerberg,J"]
[Black "Berg,E"]
[Result "1/2-1/2"]
[WhiteElo "2313"]
[BlackElo "2604"]

1.Nf3 Nf6 2.c4 g6 3.g3 Bg7 4.Bg2 O-O 5.O-O d6 6.d4 a6 7.Nc3 Nc6 8.e4 Rb8
9.a4 Na5 10.b3 c5 11.Rb1 Bg4 12.Be3 cxd4 13.Bxd4 Nc6 14.Bxf6 Bxf6 15.Nd5 Bg7
16.b4 Ne5 17.Qb3 Bxf3 18.Bxf3 e6 19.Nf4 a5 20.Bg2 axb4 21.Qxb4 Qc7 22.Rfd1 Rfd8
23.Bf1 Qc6 24.Nd3 Nf3+ 25.Kh1 Qxe4 26.Bg2 Qf5 27.c5 dxc5 28.Qxc5 e5 29.Qe3 e4
30.Nc5 Rxd1+ 31.Rxd1 Nxh2 32.Bxe4 Qh3 33.Bg2 Qh5 34.Rd5 Nf1+ 35.Rxh5 Nxe3
36.Rh4 Nxg2 37.Kxg2 b6 38.Nb3 Bf8 39.Rc4 Rb7 40.a5 bxa5 41.Nxa5 Rb2 42.Nc6 h5
43.Ne5 Bd6 44.Rc8+ Bf8 45.Nd7 Kg7 46.Nxf8 Rd2 47.Kf3 g5 48.Rc5 Kxf8 49.Rxg5 Rd3+
50.Ke4 Rd2 51.Ke3 Ra2 52.Rxh5 Kg7 53.Rb5 Kg6 54.Kf3 Ra4 55.Rc5 Rb4 56.Ra5 Rc4
57.Kg2 Rc2 58.Ra4 Rb2 59.Rf4 Rb3 60.Kh3 Rb5 61.Ra4 Rh5+ 62.Kg2 Rb5 63.Ra6+ Kg7
64.Kh3 Rb2 65.f4 Rb3 66.Kh4 Rb5 67.Kg4 Rc5 68.Kh4 Rf5 69.Ra4 Rb5 70.g4 Rc5
71.f5 Rc7 72.g5 Rc1 73.Kh5 Rh1+ 74.Rh4 Rg1 75.Rh2 f6 76.gxf6+  1/2-1/2

[Event "2nd Girona Open"]
[Site "Girona ESP"]
[Date "2011.07.21"]
[Round "8"]
[White "Mundet Riera,Ja"]
[Black "Diaz Munoz,S"]
[Result "1-0"]
[WhiteElo "2125"]
[BlackElo "2061"]

1.Nf3 Nf6 2.g3 g6 3.Bg2 Bg7 4.c4 O-O 5.O-O d6 6.d4 Nbd7 7.Nc3 e5 8.d5 a5
9.e4 Nc5 10.Qc2 Bg4 11.h3 Bxf3 12.Bxf3 Nfd7 13.Bg2 f5 14.exf5 gxf5 15.f4 e4
16.Be3 h5 17.Qe2 Nf6 18.Rad1 Nd3 19.Bd4 Qe8 20.Nb5 Rc8 21.Kh2 Qg6 22.Rg1 Qh6
23.Rgf1 Rfe8 24.Be3 Qg6 25.Nd4 Nc5 26.b3 Nfd7 27.Rg1 Kf7 28.Rgf1 Rh8 29.a3 Nf6
30.b4 axb4 31.axb4 Ng4+ 32.hxg4 hxg4+ 33.Kg1 Nd3 34.Rxd3 exd3 35.Qxd3 Bxd4
36.Bxd4 Rhe8 37.Qc2 Re7 38.Rd1 Rce8 39.Bf1 Re4 40.Bf2 Qh6 41.c5 Rh8 42.Bg2 Qh2+
43.Kf1 Rhe8 44.cxd6 cxd6 45.Rd4 Rxd4 46.Qxf5+ Ke7 47.Bxd4 Qxg3  1-0

[Event "Open NK"]
[Site "Dieren NED"]
[Date "2011.07.22"]
[Round "4"]
[White "Van Foreest, Jorden"]
[Black "Hachijan, Armen"]
[Result "1/2-1/2"]
[WhiteElo "2097"]
[BlackElo "2165"]

1.c4 Nf6 2.g3 g6 3.Bg2 Bg7 4.Nf3 O-O 5.O-O d6 6.Nc3 e5 7.d4 Nbd7 8.Qc2 Re8
9.Rd1 exd4 10.Nxd4 a6 11.h3 Rb8 12.Kh2 Qe7 13.Be3 c5 14.Nf3 b5 15.cxb5 axb5
16.Qd3 b4 17.Nd5 Nxd5 18.Qxd5 Nb6 19.Qxd6 Qxd6 20.Rxd6 Nc4 21.Bxc5 Nxd6 22.Bxd6 Rb6
23.Bc5 Ra6 24.Nd4 Be6 25.Nxe6 Raxe6 26.Bf3 Bxb2 27.Rb1 Ba3 28.Rd1 Rc8 29.Be3 Ree8
30.Rd7 Rcd8 31.Rb7 Rxe3 32.fxe3 Rd2 33.Kg2 Kg7 34.Kf2 Kf6 35.Ke1 Rxa2 36.Rxf7+ Ke5
37.Rb7 Bb2 38.Rb5+ Kd6 39.Bd5 Bc3+ 40.Kf2 Ra7  1/2-1/2

[Event "TCh-POR 1st Div"]
[Site "Torres Vedras POR"]
[Date "2011.07.24"]
[Round "2.5"]
[White "Eggert,A"]
[Black "Cabezas Ayala,I"]
[Result "1/2-1/2"]
[WhiteElo "2161"]
[BlackElo "2336"]

1.Nf3 Nf6 2.c4 g6 3.g3 Bg7 4.Bg2 O-O 5.d4 d6 6.Nc3 Nbd7 7.O-O e5 8.b3 a5
9.dxe5 dxe5 10.Ba3 Re8 11.Nd2 Bf8 12.Bb2 Nc5 13.Nde4 Nfxe4 14.Nxe4 Nxe4 15.Bxe4 Qxd1
16.Rfxd1 c6 17.a4 Bb4 18.Rac1 f6 19.Bc3 Bxc3 20.Rxc3 Be6 21.Bc2 Red8 22.f3 Rxd1+
23.Bxd1 Rd8 24.Bc2 Kf7 25.Kf2 Ke7 26.Ke1 g5 27.Rd3 Rxd3 28.Bxd3 h6 29.Kd2 Kd6
30.Kc3 Kc5 31.g4 Bf7 32.Bf5 Be8 33.Bc2 h5 34.h3 h4 35.e3 b5 36.Bd3 bxa4 37.bxa4 Bf7
38.e4 Be8 39.Bc2 Kd6 40.Bd1 c5 41.Bc2 Bc6 42.Kd3 f5 43.gxf5 Ke7 44.Ke3 Kf6
45.Bb3 Be8 46.Bd1 Bf7 47.Bc2  1/2-1/2

[Event "TCh-POR 1st Div"]
[Site "Torres Vedras POR"]
[Date "2011.07.31"]
[Round "9.7"]
[White "Rego,P"]
[Black "Andias,J"]
[Result "1/2-1/2"]
[WhiteElo "2112"]
[BlackElo "1891"]

1.Nf3 Nf6 2.c4 g6 3.g3 Bg7 4.Bg2 O-O 5.O-O d6 6.Nc3 Nc6 7.d3 e5 8.Rb1 a5
9.a3 Bd7 10.Bg5 h6  1/2-1/2

[Event "ECT Open A"]
[Site "Borne NED"]
[Date "2011.08.04"]
[Round "6.4"]
[White "Haast,M"]
[Black "Kollen,Z"]
[Result "1/2-1/2"]
[WhiteElo "2248"]
[BlackElo "2118"]

1.g3 Nf6 2.Bg2 g6 3.Nf3 Bg7 4.c4 O-O 5.O-O d6 6.Nc3 Nc6 7.d3 Bd7 8.Rb1 a6
9.b4 Qc8 10.Re1 Nd8 11.Bg5 Re8 12.Qd2 c6 13.a4 Bh3 14.a5 Bxg2 15.Kxg2 Ne6
16.Bxf6 Bxf6 17.Na4 Qc7 18.Nb6 Rad8 19.d4 Nf8 20.e4 Nd7 21.Nxd7 Rxd7 22.Qe3 e6
23.Red1 Qd8 24.h4 h5 25.Rd2 d5 26.e5 Be7 27.c5 Bf8 28.Qf4 f5 29.exf6 Rf7
30.Ng5 Rxf6 31.Qe3 Bh6 32.Re2 Rf5 33.Nxe6 Bxe3 34.Nxd8 Rxf2+ 35.Rxf2 Bxf2
36.Kxf2 Rxd8 37.Rb3 Rf8+ 38.Rf3 Rf5  1/2-1/2

[Event "50th World Juniors"]
[Site "Chennai IND"]
[Date "2011.08.04"]
[Round "3.39"]
[White "Shreyansh,D"]
[Black "Praneeth,S"]
[Result "1-0"]
[WhiteElo "2298"]
[BlackElo "2036"]

1.c4 Nf6 2.Nf3 g6 3.g3 Bg7 4.Bg2 O-O 5.Nc3 d6 6.O-O e5 7.d3 Nc6 8.Rb1 a5
9.a3 h6 10.b4 axb4 11.axb4 Be6 12.b5 Ne7 13.Bb2 Qd7 14.Re1 Nh5 15.Ra1 Rab8
16.Nd2 f5 17.Ra7 b6 18.Qa4 f4 19.Nce4 g5 20.Ba3 Qd8 21.Bb4 g4 22.Nc3 Nf5
23.Nd5 Bxd5 24.cxd5 fxg3 25.hxg3 Nfxg3 26.fxg3 Nxg3 27.Qc2 Qh4 28.Qxc7 Nh5
29.Rf1 Rxf1+ 30.Nxf1 Rf8 31.Qxb6 Nf4 32.Qe3 Qg5 33.Bd2 h5 34.b6 e4 35.Rxg7+ Qxg7
36.Qxe4 Nxg2 37.Kxg2 h4 38.Nh2 g3 39.Qe6+ Rf7 40.Nf3 Qa1 41.b7 Qb1 42.Qe8+ Kg7
43.Bc3+  1-0

[Event "15th HZ Open"]
[Site "Vlissingen NED"]
[Date "2011.08.05"]
[Round "8"]
[White "Colijn,S"]
[Black "Kok,I"]
[Result "1-0"]
[WhiteElo "2207"]
[BlackElo "1985"]

1.c4 Nf6 2.Nf3 g6 3.g3 Bg7 4.Bg2 O-O 5.O-O d5 6.Qc2 c6 7.b3 Bg4 8.h3 Bxf3
9.Bxf3 Nbd7 10.Bb2 e5 11.d3 Re8 12.e4 Nf8 13.exd5 cxd5 14.Nc3 Rc8 15.Rad1 Ne6
16.Qb1 Qd7 17.Bg2 d4 18.Nd5 h5 19.h4 Rc5 20.Nxf6+ Bxf6 21.Bc1 Rcc8 22.Rde1 a5
23.Kh2 Bg7 24.Bd2 b6 25.Qd1 Nc5 26.Bh3 Qc6 27.Bc1 f5 28.f3 Bf6 29.Re2 Qc7
30.Rg2 Kh8 31.Kh1 Qh7 32.g4 Bxh4 33.gxf5 gxf5 34.Bg5 Bxg5 35.Rxg5 Rg8 36.Bxf5 Qh6
37.f4 Rxg5 38.fxg5 Qc6+ 39.Kh2 Rc7 40.Qxh5+ Kg8 41.Bg6  1-0

[Event "MMK Krakow IM"]
[Site "Krakow POL"]
[Date "2011.08.06"]
[Round "1.2"]
[White "Druska,J"]
[Black "Massoni,M"]
[Result "1/2-1/2"]
[WhiteElo "2332"]
[BlackElo "2294"]

1.Nf3 Nf6 2.c4 g6 3.g3 Bg7 4.Bg2 O-O 5.O-O d5 6.cxd5 Nxd5 7.Nc3 Nb6 8.d4 Nc6
9.d5 Na5 10.Qc2 e6 11.dxe6 Bxe6 12.Bg5 Qe8 13.Rad1 Nac4 14.Nd4 Nd6 15.Nxe6 Qxe6
16.Nd5 Nb5 17.Qc5 c6 18.Nxb6 axb6 19.Qxb6 Rxa2 20.Qxb7 Rxb2 21.Qxc6 Qxc6
22.Bxc6 Nd4 23.Bf3 Nxe2+ 24.Kg2 Nd4 25.Be4 Re8 26.Rfe1 h6 27.Bxh6 Bxh6 28.Rxd4 Kf8
29.Kf1 Bd2 30.Rd1 Ba5 31.Bd5 g5 32.R4d3 Kg7 33.Rf3 Re7 34.Rf5 f6 35.h4 gxh4
36.gxh4 Rb4  1/2-1/2

[Event "20th Poznan Open"]
[Site "Poznan POL"]
[Date "2011.08.06"]
[Round "1.3"]
[White "Urban,K"]
[Black "Sklepinski,A"]
[Result "1-0"]
[WhiteElo "2456"]
[BlackElo "1751"]

1.Nf3 Nf6 2.c4 g6 3.g3 Bg7 4.Bg2 O-O 5.d4 d6 6.Nc3 Nc6 7.O-O Bf5 8.d5 Na5
9.Nd4 Bd7 10.b3 c5 11.dxc6 Nxc6 12.Nc2 Qc8 13.Rb1 Bh3 14.Bb2 Bxg2 15.Kxg2 b6
16.Re1 Qb7 17.e4 a6 18.Nd5 Nd7 19.Nd4 Rfe8 20.Nxc6 Qxc6 21.Bxg7 Kxg7 22.Qd4+ Kg8
23.Red1 Rac8 24.f3 Qc5 25.Qd2 e6 26.Nb4 a5 27.Qxd6 axb4 28.Qxd7 Re7 29.Qd3 Ra7
30.Rb2 Rca8 31.Rdd2 Ra3 32.Rbc2 Qe5 33.Qe3 R3a6 34.Qe1 Kg7 35.f4 Qc7 36.Qe3 h5
37.Qd4+ Kh7 38.Kf3 R8a7 39.Qf6 Ra8 40.h3 R6a7 41.g4 Qc5 42.Qh4 Rb8 43.Qf2 Qc6
44.Qd4 Rc7 45.Qd6 Qc5 46.Qxc5 bxc5 47.Rd6 Ra7 48.Rcd2 Rba8 49.Rd7 hxg4+ 50.hxg4 Rxd7
51.Rxd7 Rxa2 52.Rxf7+ Kg8 53.Rf6 Rb2 54.Rxg6+ Kf7 55.f5 Rxb3+ 56.Kf4 exf5
57.gxf5 Rc3 58.Rb6 Rxc4 59.Ke5 Rd4 60.Rb7+ Kg8 61.Rb5 Rc4 62.f6 Rc1 63.Ke6 Re1
64.e5 Rc1 65.Ke7 Rf1 66.Rxc5 b3 67.Rb5 Rf3 68.Rb8+ Kh7 69.f7 b2 70.Rxb2 Kg7
71.Rg2+  1-0

[Event "Stara Pazova-Ilindan GM"]
[Site "Stara Pazova SRB"]
[Date "2011.08.06"]
[Round "10.2"]
[White "Sertic,Ru"]
[Black "Indjic,D"]
[Result "1/2-1/2"]
[WhiteElo "2406"]
[BlackElo "2279"]

1.c4 Nf6 2.g3 g6 3.Nf3 Bg7 4.Bg2 O-O 5.O-O d6 6.d3 e5 7.e4 Nc6 8.Nc3 h6 9.a3 a5
10.Rb1 Be6 11.b4 axb4 12.axb4 Qd7 13.b5 Ne7 14.Nd5 Nexd5 15.cxd5 Bh3 16.Qc2 Rac8  1/2-1/2

[Event "20th ZDMI Open A"]
[Site "Dresden GER"]
[Date "2011.08.07"]
[Round "2"]
[White "Gutman,L"]
[Black "Turov,M"]
[Result "0-1"]
[WhiteElo "2451"]
[BlackElo "2630"]

1.Nf3 Nf6 2.c4 g6 3.g3 Bg7 4.Bg2 O-O 5.O-O d5 6.d4 dxc4 7.Na3 Nc6 8.Nxc4 Be6
9.b3 Bd5 10.Bb2 a5 11.Ne3 Be4 12.a3 Bh6 13.Nc4 Bd5 14.Nfe5 Bxg2 15.Kxg2 Qd5+
16.f3 a4 17.b4 Qb5 18.Rb1 Nxe5 19.Nxe5 Rfd8 20.Qc2 c6 21.Rbd1 Nd7 22.Ng4 Bg7
23.d5 f6 24.d6 e5 25.h3 Rf8 26.h4 Nb6 27.h5 Qc4 28.Rd2 Qxc2 29.Rxc2 gxh5
30.Ne3 Rfe8 31.Nf5  0-1

[Event "Etapa Recife CBX"]
[Site "Recife BRA"]
[Date "2011.08.10"]
[Round "2"]
[White "Santiago,Y"]
[Black "De Almeida,B"]
[Result "1/2-1/2"]
[WhiteElo "2237"]
[BlackElo "2176"]

1.Nf3 Nf6 2.c4 g6 3.g3 Bg7 4.Bg2 O-O 5.O-O d6 6.Nc3 e5 7.d3 Nbd7 8.Rb1 a5
9.a3 c6 10.Ne1 Nc5 11.b4 axb4 12.axb4 Ne6 13.b5 d5 14.Bd2 Nc5 15.bxc6 bxc6
16.cxd5 cxd5 17.Rb5 Qd6 18.Qb1 Be6 19.Qb4 Rfc8 20.f4 Nfd7 21.fxe5 Qxe5 22.Nf3 Qh5
23.d4 Na6 24.Qb1 Nc7 25.Rb7 Rab8 26.Bf4 Na6 27.Bxb8 Naxb8 28.Nb5 Nc6 29.Na7 Nxa7
30.Rxa7 Bh6 31.Qb3 Nf6 32.e3 Ne4 33.Re1 Kg7 34.Qb4 Rc2 35.Ne5 Qf5  1/2-1/2

[Event "9th Davos Open"]
[Site "Davos SUI"]
[Date "2011.08.12"]
[Round "6.1"]
[White "Ferretti,F"]
[Black "Turner,Ma"]
[Result "0-1"]
[WhiteElo "2291"]
[BlackElo "2516"]

1.Nf3 Nf6 2.c4 g6 3.g3 Bg7 4.Bg2 O-O 5.O-O d5 6.d4 dxc4 7.Na3 Nc6 8.Nxc4 Be6
9.b3 a5 10.Bb2 a4 11.Nfe5 Nxe5 12.Nxe5 c6 13.bxa4 Qa5 14.Nd3 Nd7 15.Qc1 Qxa4
16.Nc5 Nxc5 17.dxc5 f6 18.Rd1 Rfd8 19.a3 Kf7 20.Rd2 Rxd2 21.Qxd2 Ra5 22.Qb4 Ra7
23.e3 Bc4 24.Rc1 Bb5 25.Qd2 Ra8 26.h4 Qa5 27.Qxa5 Rxa5 28.Rd1 Ba6 29.Rc1 Bf8
30.Bf1 Bxf1 31.Kxf1 e5 32.Rd1 Ke6 33.Rd3 Rb5 34.Bc1 Rxc5 35.Bd2 Rd5  0-1

[Event "CECLUB Div2 Gp1"]
[Site "Padron ESP"]
[Date "2011.08.12"]
[Round "4"]
[White "Andres Gonzalez,A"]
[Black "Larrosa Vila,Jo"]
[Result "1-0"]
[WhiteElo "2506"]
[BlackElo "2160"]

1.Nf3 Nf6 2.c4 g6 3.g3 Bg7 4.Bg2 O-O 5.O-O d5 6.cxd5 Nxd5 7.d4 Nb6 8.Nc3 Nc6
9.d5 Na5 10.e4 c6 11.Bg5 h6 12.Bf4 cxd5 13.exd5 Nac4 14.Qe2 Nxb2 15.Qxb2 Na4
16.Nxa4 Bxb2 17.Nxb2 g5 18.Bc1 Bf5 19.Nd4 Bg6 20.Be3 Rc8 21.Rfd1 Qa5 22.Nd3 Qa6
23.Ne5 Rfd8 24.Nxg6 Qxg6 25.Rdb1 Rd7 26.Rb3 Rc4 27.Rab1 Ra4 28.a3 Rxa3 29.h3 Rxb3
30.Rxb3 a6 31.g4 h5 32.Rc3 hxg4 33.hxg4 e6 34.Rc8+ Kg7 35.Bf3 Qf6 36.Kg2 Qe5
37.Rc5 Rxd5 38.Nf5+ Kh7 39.Bxd5 exd5 40.Rc8 Qe4+ 41.f3 Qd3 42.Kf2 a5 43.Rc7 Kg6
44.Rxb7 a4 45.Rb6+ f6 46.Rb7  1-0

[Event "Sakkozo Magyarok World Meeting"]
[Site "Lakitelek HUN"]
[Date "2011.08.14"]
[Round "9.5"]
[White "Dolnik,A"]
[Black "Kaszas,V"]
[Result "1/2-1/2"]
[WhiteElo "2169"]
[BlackElo "1963"]

1.Nf3 g6 2.g3 Bg7 3.Bg2 Nf6 4.c4 O-O 5.O-O d6 6.Nc3 e5 7.d3 c6 8.Qc2 a5 9.a3 h6
10.Bd2 Be6 11.b4 Nbd7 12.b5  1/2-1/2

[Event "XLV Mislata Open A"]
[Site "Mislata ESP"]
[Date "2011.08.18"]
[Round "6"]
[White "Montalban Galvez,A"]
[Black "Carrasco Sagredo,M"]
[Result "1-0"]
[WhiteElo "2158"]
[BlackElo "2170"]

1.Nf3 Nf6 2.c4 g6 3.g3 Bg7 4.Bg2 O-O 5.O-O d6 6.d4 c6 7.Nc3 a6 8.e4 b5 9.e5 Ne8
10.c5 d5 11.h3 f6 12.Re1 Nc7 13.exf6 exf6 14.Be3 a5 15.Qd2 Ra7 16.Bf4 Nd7
17.g4 Rf7 18.a3 Nf8 19.Re2 Nfe6 20.Bg3 Ne8 21.Rae1 Rae7 22.Na2 Bf8 23.Nc1 N8g7
24.Nb3 a4 25.Nc1 Re8 26.Nd3 g5 27.Nb4 Bd7 28.h4 h5 29.hxg5 Nxg5 30.Nxg5 fxg5
31.gxh5 Rxe2 32.Qxe2 Re7 33.Be5 Nf5 34.Qd3 Rf7 35.Re2 Nh4 36.Qg3 Nxg2 37.Kxg2 Rf5
38.Bd6 Bg7 39.Nc2 Rf7 40.Be5 Bh6 41.Ne3 Qf8 42.Ng4 Bf5 43.f3 Rb7 44.Bd6 Qg7
45.Be5 Qf8 46.Bd6 Qg7 47.Qe5 Bxg4 48.fxg4 Qxe5 49.Rxe5 b4 50.Re8+ Kh7 51.Rb8 Rxb8
52.Bxb8 b3 53.Be5 Bf8 54.Kf3 Be7 55.Ke2 Bd8 56.Bg3 Ba5 57.Be1 Bc7 58.Bd2 Bd8
59.Kd3 Kh6 60.Be3 Kg7 61.Ke2 Kf6 62.Bf2 Ba5 63.Kd3 Kg7 64.Bg3 Bd8 65.Bb8 Ba5
66.Ba7 Be1 67.Bb6 Kf7 68.Bc7 Kg7 69.Bd8 Bh4 70.Be7 Kf7 71.Bd8 Kg7 72.Kd2 Kh6
73.Bf6 Bg3 74.Kd3 Bf4 75.Kc3 Bc1 76.Be5 Kh7 77.Bg3 Kg8 78.Be1 Be3 79.Bd2 Bf2
80.Bxg5 Kg7 81.Bf4 Kf6 82.g5+ Kf7 83.Be5 Be1+ 84.Kd3 Ba5 85.g6+ Kg8 86.h6  1-0

[Event "26th Universiade Women"]
[Site "Shenzhen CHN"]
[Date "2011.08.18"]
[Round "6"]
[White "Stojanovic,Andj"]
[Black "Seps,M"]
[Result "1/2-1/2"]
[WhiteElo "2293"]
[BlackElo "2195"]

1.Nf3 Nf6 2.c4 g6 3.g3 Bg7 4.Bg2 O-O 5.O-O d6 6.d4 Nc6 7.h3 a6 8.Nc3 Rb8
9.e4 b5 10.e5 dxe5 11.dxe5 Nd7 12.e6 fxe6 13.Ng5 Nd4 14.Be3 Nb6 15.cxb5 axb5
16.Bxd4 Qxd4 17.Qb3 Qc4 18.Nxb5 Qxb3 19.axb3 Rf5 20.Na7 Rxg5 21.Nc6 Ra8 22.Rxa8 Nxa8
23.Nxe7+ Kf7 24.Nxc8 Nb6 25.Nxb6 cxb6 26.Rd1 Bf6 27.h4 Rb5 28.Rd3 Rb4 29.Rd7+ Be7
30.Rd3  1/2-1/2

[Event "Malaysian Open"]
[Site "Kuala Lumpur MAS"]
[Date "2011.08.19"]
[Round "3.6"]
[White "Morris,J"]
[Black "Wan Yunguo"]
[Result "1/2-1/2"]
[WhiteElo "2300"]
[BlackElo "2462"]

1.Nf3 Nf6 2.c4 g6 3.g3 Bg7 4.Bg2 O-O 5.O-O c6 6.b3 Ne4 7.d4 d5 8.Bb2 Nd7
9.Nfd2 f5 10.f3 Nxd2 11.Qxd2 dxc4 12.bxc4 Nb6 13.Na3 Na4 14.Rad1 Nxb2 15.Qxb2 Qb6
16.Qc3 c5 17.e3 f4 18.gxf4 cxd4 19.exd4 Rxf4 20.c5 Qf6 21.Qb3+ Kh8 22.Nb5 Rh4
23.Qd5 e6 24.Qd6 Bf8 25.Qc7 Bh6 26.f4 Bxf4 27.Rxf4 Qxf4 28.Rf1 Qxc7 29.Nxc7 Rb8
30.Rf8+ Kg7 31.Nxe6+ Bxe6 32.Rxb8 Rxd4 33.Rxb7+ Kf6 34.Rxa7 Rd1+ 35.Kf2 Rd2+
36.Kg3 Rxa2 37.Rxa2 Bxa2 38.Kf4 g5+ 39.Ke4 h5 40.Kd4 g4 41.Bd5 Bxd5 42.Kxd5 h4
43.c6 Ke7  1/2-1/2

[Event "26th Universiade Men"]
[Site "Shenzhen CHN"]
[Date "2011.08.19"]
[Round "8"]
[White "Adly,A"]
[Black "Pruijssers,R"]
[Result "1-0"]
[WhiteElo "2631"]
[BlackElo "2461"]

1.Nf3 Nf6 2.g3 g6 3.Bg2 Bg7 4.c4 O-O 5.d4 d6 6.O-O Nbd7 7.Nc3 e5 8.h3 a6
9.dxe5 dxe5 10.Be3 Qe7 11.Qc2 c6 12.Rfd1 Nh5 13.Qd2 e4 14.Ng5 Ne5 15.Ngxe4 Nxc4
16.Bc5 Qxc5 17.Nxc5 Nxd2 18.Rxd2 Re8 19.Rad1 f5 20.N3a4 Nf6 21.Nb6 Rb8 22.Rd8 Bf8
23.Rxe8 Nxe8 24.Rd8 Kf7 25.Ncd7 Ke7 26.Rxe8+ Kxe8 27.Nxb8 Be6 28.Nxc6 bxc6
29.Bxc6+ Ke7 30.Bd5 Bg7 31.Bxe6 Bf8 32.Bd5 Bg7 33.Be6 Kxe6 34.Nc4 Kd5 35.Ne3+ Ke6
36.b3  1-0

[Event "PK NBSB Open A"]
[Site "Roosendaal NED"]
[Date "2011.08.20"]
[Round "3"]
[White "Haast,M"]
[Black "Steenbekkers,F"]
[Result "1-0"]
[WhiteElo "2248"]
[BlackElo "2223"]

1.c4 Nf6 2.Nf3 g6 3.g3 Bg7 4.Bg2 O-O 5.O-O d6 6.Nc3 Nc6 7.d3 e5 8.Rb1 a5
9.a3 h6 10.b4 axb4 11.axb4 Be6 12.b5 Ne7 13.Bb2 Qd7 14.Re1 Bh3 15.Bh1 Ng4
16.Qb3 f5 17.c5+ Kh7 18.cxd6 Qxd6 19.e3 c6 20.Rbd1 Nd5 21.Nxd5 cxd5 22.d4 e4
23.Ne5 g5 24.Bc3 Qe6 25.Bb4 Rfc8 26.Nxg4 Bxg4 27.Ra1 Rxa1 28.Rxa1 f4 29.Bg2 Bh3
30.Bxh3 Qxh3 31.Qxd5 Re8 32.Qc4 Rc8 33.Qf1 Qf5 34.Bd2 Rc2 35.Rd1 f3 36.Bb4 Qd5
37.Bc5 h5 38.b6 Kg6 39.Rc1 Ra2 40.Be7 Qd7 41.Bb4 h4 42.Rc5 Qa4 43.Ra5 Qxa5
44.Bxa5 Rxa5 45.Qb1  1-0

[Event "23rd Porto San Giorgio Open"]
[Site "Porto San Giorgio ITA"]
[Date "2011.08.21"]
[Round "1"]
[White "Banusz,T"]
[Black "Ripa',Daniele"]
[Result "1-0"]
[WhiteElo "2554"]
[BlackElo "1966"]

1.Nf3 Nf6 2.c4 g6 3.g3 Bg7 4.Bg2 O-O 5.O-O d6 6.d4 Nc6 7.Nc3 a6 8.d5 Na5
9.Nd2 c5 10.Rb1 b5 11.b3 Rb8 12.Bb2 bxc4 13.bxc4 Ng4 14.Qc2 Ne5 15.Nd1 Bd7
16.f4 Ng4 17.Bxg7 Rxb1 18.Bxf8 Rxd1 19.Rxd1 Qxf8 20.Qc3 Qd8 21.Rb1 e5 22.h3 Nh6
23.fxe5 Nf5 24.Ne4 Nd4 25.Rb2 Nxc4 26.Qxc4 Bb5 27.Qc3 dxe5 28.e3 Nf5 29.Qxe5 Qa5
30.Nf6+ Kg7 31.e4 Qe1+ 32.Kh2 c4 33.Nd7+ Kh6 34.exf5  1-0

[Event "Malaysian Open"]
[Site "Kuala Lumpur MAS"]
[Date "2011.08.22"]
[Round "6.1"]
[White "Dimakiling,O"]
[Black "Li Shilong"]
[Result "1/2-1/2"]
[WhiteElo "2414"]
[BlackElo "2520"]

1.Nf3 Nf6 2.c4 g6 3.g3 Bg7 4.Bg2 O-O 5.O-O d6 6.Nc3 Nc6 7.Rb1 a5 8.a3 Bf5
9.d3 Qc8 10.Nd5 Bh3 11.Bg5 Bxg2 12.Kxg2 Re8 13.Bxf6 exf6 14.e3 f5 15.d4 a4
16.Ne1 Ne7 17.Nd3 Nxd5 18.cxd5 c5 19.dxc6 bxc6 20.Rc1 c5 21.Kg1 Ra5 22.dxc5 dxc5
23.Rc4 Qb8 24.Rxa4 Rb5 25.Qc2 Bxb2 26.Nxb2 Rxb2 27.Qxc5 Rc8 28.Qd5 Rd8 29.Qc4 Rc8
30.Qd4 Rd8 31.Qh4 Rdd2 32.Rd4 Kg7 33.a4 Qb3 34.Qf4 h5 35.h4 Qa2 36.Rxd2 Rxd2
37.e4 fxe4 38.Qxe4 Qb2 39.Qf4 Rd5 40.Qc1 Qb6 41.Qa1+ Kh7 42.Rb1 Qc7 43.Qa2 Qd7
44.a5 Rd2 45.Qc4 Qf5 46.Rf1 Rc2 47.Qa4 Rc5 48.Ra1 Rc2 49.Qd4 Qf3 50.a6 Rc8
51.a7 Qb7 52.Kh2 Ra8 53.Ra2 Kg8 54.Qe3 Kh7 55.f3 Kg8 56.g4 hxg4 57.fxg4 Kh7
58.Kh3 Re8 59.Qf2 Ra8 60.Ra3 Qh1+ 61.Kg3 Qb7 62.Qc5 Kg8 63.h5 gxh5 64.gxh5 f6
65.Re3 Qg7+ 66.Kh2 Kh8 67.Re7 Qg4 68.Qd5 Rg8 69.Qxg8+ Qxg8 70.Rb7 Qa2+ 71.Kg1 Qa1+
72.Kg2 Qa2+ 73.Kg1  1/2-1/2

[Event "23rd Porto San Giorgio Open"]
[Site "Porto San Giorgio ITA"]
[Date "2011.08.23"]
[Round "3"]
[White "Romanishin,O"]
[Black "Boscolo,M"]
[Result "1-0"]
[WhiteElo "2526"]
[BlackElo "2166"]

1.Nf3 Nf6 2.g3 g6 3.c4 Bg7 4.Bg2 O-O 5.O-O d5 6.cxd5 Nxd5 7.d4 c6 8.e4 Nb6
9.h3 h6 10.Nc3 Be6 11.b3 Na6 12.Be3 Qd7 13.Kh2 Rad8 14.Qe2 Qe8 15.Rac1 f5
16.d5 fxe4 17.dxe6 exf3 18.Bxf3 Nc7 19.Bg2 Ncd5 20.Nxd5 Nxd5 21.Bxa7 Nc3
22.Qc4 Ra8 23.Be3 Nb5 24.a4 Nd6 25.Qe2 Rf5 26.Rfe1 Re5 27.Qd2 Nf5 28.Bb6 Rxe1
29.Qxe1 Nd6 30.Rd1 Bf6 31.Be4 Kg7 32.Qe2 Rc8 33.b4 Qg8 34.Bb1 Qe8 35.h4 h5
36.Kg1 Ra8 37.Bc2 Rc8 38.a5 Kg8 39.Bd3 Kg7 40.Rc1 Ra8 41.Qe3 Rc8 42.Rc5  1-0